000 00976nam a22003137a 4500
003 OSt
005 20230308110032.0
008 221006b |||||||| |||| 00| 0 eng d
020 _a1136-6907
040 _cBiblioteca Lado V
082 _a700.41
_bR744a
100 _9525
_aRolando, Carlos
_eautor
245 _aARCONoticas/
260 _bFeria Internacional de Arte Contemporáneo
_c2003
_aMadrid
300 _c21x30cm
_a96p.
490 _a27
_v2003
505 _tEditorial
505 _tTerritorios
505 _tPuntos de Vista
505 _tInsights
505 _tPanorama ARCO'03
505 _tDirectorio
650 _2Tesauro de Arte & Arquitectura
_aARTE
_9703
650 _2Tesauro de Arte & Arquitectura
_aNOTICIAS
650 _2Tesauro de Arte & Arquitectura
_aCRITICA
650 _2Tesauro de Arte & Arquitectura
_aAPRECIACION
650 _2Tesauro de Arte & Arquitectura
_aVISIBILIDAD
942 _2ddc
_c1
_h700.41
_iR744a
_n0
999 _c3142
_d3142